[Event "Condigne Dutch Open 2018"]
[Site "Dieren"]
[Date "2018.07.24"]
[Round "1"]
[White "Hendriks, Willy"]
[Black "Van Foreest, Machteld"]
[Result "1/2-1/2"]
[WhiteElo "2417"]
[BlackElo "2141"]
[Annotator "TA"]
[PlyCount "59"]
[EventDate "2018.07.24"]
[EventType "swiss"]
[EventCountry "NED"]
[SourceTitle "playchess.com"]
[Source "ChessBase"]
[SourceQuality "1"]

{[%evp 18,59,7,-4,20,9,17,23,52,-41,-31,-29,7,0,3,-4,-1,0,21,-6,-6,-6,-2,-4,-5,-6,0,0,0,1,2,3,19,8,8,6,6,7,5,6,6,0,1,0]} 1. e4 e5 2. Bc4 Nc6 3. Nf3 Bc5 4. c3 Nf6 5. d3 O-O 6. O-O d5 7. exd5 Nxd5 8. h3 {C54: Giuoco Piano: 4 c3 Nf6, main lines with 5 d4 and 5 d3} (8. Nbd2 Bg4 9. Re1 Nb6 10. Bb5 Bd6 11. h3 Bh5 12. Ne4 f5 13. Ng3 Bxf3 14. Qxf3 Ne7 15. Qxb7 c6 16. Bc4+ Nxc4 17. Qb3 Kh8 18. Qxc4 Qd7 19. Bd2 Nd5 {½-½ (52) Vachier Lagrave,M (2789)-Giri,A (2782) Leuven 2018}) 8... Nb6 9. Bb5 f6 10. Nbd2 {LiveBook: 4 Games} a6 $146 ({Predecessor:} 10... Qd5 11. d4 exd4 12. Nb3 Bd6 13. Nbxd4 Nxd4 14. Nxd4 Be5 15. Be2 Bxd4 16. cxd4 {½-½ (50) Nemeth,M (2492)-Erdos,V (2651) Zalakaros 2014}) 11. Bxc6 bxc6 {[#]} 12. d4 $1 {[%mdl 512]} Bd6 (12... exd4 13. Ne4) 13. c4 ({White should play} 13. dxe5 $14 fxe5 14. Re1) 13... exd4 $15 {aiming for ...c5.} 14. Nxd4 Bh2+ 15. Kxh2 {Threatens to win with N4f3.The position is equal.} Qxd4 16. Nf3 Qxc4 17. b3 Qc3 (17... Qb4 {with more complications.} 18. Qc2 Bd7 19. Bd2 Qd6+ 20. Kg1 Rfe8) 18. Qd4 (18. Bf4 {is more complex.} Nd5 19. Rc1 Qa5 20. Bg3 Bd7 21. Qc2) 18... Qxd4 19. Nxd4 c5 20. Nc6 c4 21. bxc4 Nxc4 22. Bf4 Rf7 23. Rac1 Nd6 24. Rfe1 {[#] Bxd6 is the strong threat.} Kf8 25. Nd8 {Hoping for Rxc7!} Re7 26. Rxe7 Kxe7 27. Rxc7+ Kxd8 28. Bxd6 Bd7 29. g4 a5 30. Rc3 {Precision: White = 50%, Black = 50%.} 1/2-1/2

[Event "Condigne Dutch Open 2018"]
[Site "Dieren"]
[Date "2018.07.24"]
[Round "1"]
[White "Viani Antonio Dcunha"]
[Black "Polak, Alexander"]
[Result "1-0"]
[WhiteElo "2404"]
[BlackElo "2136"]
[Annotator "NA"]
[PlyCount "57"]
[EventDate "2018.07.24"]
[EventType "swiss"]
[EventCountry "NED"]
[SourceTitle "playchess.com"]
[Source "ChessBase"]
[SourceQuality "1"]
[TimeControl "40/5400+30:1800+30"]

1. e4 {[%emt 0:00:35]} c6 {[%emt 0:00:04]} 2. d4 {[%emt 0:00:18]} d5 {[%emt 0:00:03]} 3. Nd2 {[%emt 0:00:12]} dxe4 {[%emt 0:00:05]} 4. Nxe4 {[%emt 0:00:11]} Bf5 {[%emt 0:00:03]} 5. Ng3 {[%emt 0:00:15]} Bg6 {[%emt 0:00:02]} 6. h4 {[%emt 0:00:24]} h6 {[%emt 0:00:04]} 7. h5 {[%emt 0:00:12]} Bh7 {[%emt 0:00:02]} 8. Nf3 {[%emt 0:00:11]} e6 {[%emt 0:00:58]} 9. Bd3 {[%emt 0:00:35]} Bxd3 {[%emt 0:00:07]} 10. Qxd3 {[%emt 0:00:04]} Nf6 {[%emt 0:01:20]} 11. Bd2 {[%emt 0:00:35]} Be7 {[%emt 0:02:59]} 12. O-O-O {[%emt 0:01:10]} O-O {[%emt 0:00:35]} 13. Kb1 {[%emt 0:04:17]} c5 {[%emt 0:06:36]} 14. Be3 {[%emt 0:00:49]} Ng4 {[%emt 0:15:31]} 15. Ne4 {[%emt 0:06:28]} Qc7 {[%emt 0:04:18]} 16. Nxc5 {[%emt 0:09:59]} Bxc5 {[%emt 0:00:49]} 17. dxc5 {[%emt 0:00:18]} Nxe3 {[%emt 0:02:31]} 18. Qxe3 {[%emt 0:00:17]} Na6 {[%emt 0:03:29]} 19. Ne5 {[%emt 0:06:03]} Nxc5 {[%emt 0:04:13]} 20. b4 {[%emt 0:02:59]} Na4 {[%emt 0:03:33]} 21. Rd7 {[%emt 0:00:23]} Qc8 {[%emt 0:00:55]} 22. Rh4 {[%emt 0:12:17]} Nc3+ {[%emt 0:03:37]} 23. Kc1 {[%emt 0:00:53]} Nd5 {[%emt 0:06:23]} 24. Qf3 {[%emt 0:05:51]} Qe8 {[%emt 0:09:28]} 25. Rg4 {[%emt 0:00:51]} Rc8 {[%emt 0:07:39]} 26. Qg3 {[%emt 0:08:18]} Ne7 {[%emt 0:04:38]} 27. Rxe7 {[%emt 0:01:43]} Qxe7 {[%emt 0:00:12]} 28. Rxg7+ {[%emt 0:00:08]} Kh8 {[%emt 0:00:03]} 29. Ng6+ {[%emt 0:00:15]} 1-0

[Event "Condigne Dutch Open 2018"]
[Site "Dieren"]
[Date "2018.07.24"]
[Round "1"]
[White "Schoppen, Casper"]
[Black "Bruil, Rembrandt"]
[Result "1-0"]
[WhiteElo "2395"]
[BlackElo "2126"]
[Annotator "NA"]
[PlyCount "79"]
[EventDate "2018.07.24"]
[EventType "swiss"]
[EventCountry "NED"]
[SourceTitle "playchess.com"]
[Source "ChessBase"]
[SourceQuality "1"]
[TimeControl "40/5400+30:1800+30"]

1. e4 {[%emt 0:00:00]} c5 {[%emt 0:00:03]} 2. Nf3 {[%emt 0:00:00]} Nc6 {[%emt 0:00:04]} 3. d4 {[%emt 0:00:00]} cxd4 {[%emt 0:00:06]} 4. Nxd4 {[%emt 0:00:02]} g6 {[%emt 0:00:07]} 5. c4 {[%emt 0:00:27]} Nf6 {[%emt 0:00:06]} 6. Nc3 {[%emt 0:00:04]} d6 {[%emt 0:00:03]} 7. Nc2 {[%emt 0:02:39]} Bg7 {[%emt 0:00:12]} 8. Be2 {[%emt 0:00:14]} O-O {[%emt 0:00:11]} 9. O-O {[%emt 0:00:05]} Bd7 {[%emt 0:01:13]} 10. Be3 {[%emt 0:01:14]} Rc8 {[%emt 0:02:28]} 11. Rc1 {[%emt 0:00:48]} a6 {[%emt 0:02:23]} 12. f3 {[%emt 0:12:18]} Ne5 {[%emt 0:10:16]} 13. Na3 {[%emt 0:02:55]} Be6 {[%emt 0:13:00]} 14. Nd5 {[%emt 0:04:38]} Bxd5 {[%emt 0:06:36]} 15. cxd5 {[%emt 0:07:12]} Rxc1 {[%emt 0:02:13]} 16. Qxc1 {[%emt 0:14:53]} Qb8 {[%emt 0:00:32]} 17. Qd2 {[%emt 0:00:58]} Rc8 {[%emt 0:01:19]} 18. Rc1 {[%emt 0:01:17]} h5 {[%emt 0:06:01]} 19. Rxc8+ {[%emt 0:10:57]} Qxc8 {[%emt 0:00:07]} 20. h3 {[%emt 0:03:14]} Qc7 {[%emt 0:02:24]} 21. b4 {[%emt 0:03:26]} b5 {[%emt 0:11:07]} 22. Qc2 {[%emt 0:04:47]} Qxc2 {[%emt 0:05:04]} 23. Nxc2 {[%emt 0:01:54]} e6 {[%emt 0:14:23]} 24. dxe6 {[%emt 0:10:00]} fxe6 {[%emt 0:00:17]} 25. a4 {[%emt 0:06:09]} bxa4 {[%emt 0:08:04]} 26. Bxa6 {[%emt 0:00:09]} d5 {[%emt 0:03:26]} 27. Bb5 {[%emt 0:01:53]} dxe4 {[%emt 0:01:07]} 28. fxe4 {[%emt 0:00:33]} Nxe4 {[%emt 0:01:46]} 29. Bxa4 {[%emt 0:00:09]} Nc4 {[%emt 0:01:27]} 30. Ba7 {[%emt 0:00:33]} Kf7 {[%emt 0:01:43]} 31. Bc6 {[%emt 0:01:12]} Ned6 {[%emt 0:00:33]} 32. Bf3 {[%emt 0:04:44]} Nc8 {[%emt 0:01:18]} 33. Bf2 {[%emt 0:00:18]} Be5 {[%emt 0:01:27]} 34. Be2 {[%emt 0:01:52]} N4b6 {[%emt 0:01:24]} 35. Ba6 {[%emt 0:00:37]} Bc7 {[%emt 0:00:10]} 36. Nd4 {[%emt 0:02:03]} Nd6 {[%emt 0:01:19]} 37. Nc6 {[%emt 0:01:47]} Ne4 {[%emt 0:01:53]} 38. Bd4 {[%emt 0:00:22]} Nd7 {[%emt 0:00:58]} 39. Bd3 {[%emt 0:01:19]} Nd6 {[%emt 0:01:11]} 40. Bb2 {[%emt 0:02:18]} 1-0

[Event "Condigne Dutch Open 2018"]
[Site "Dieren"]
[Date "2018.07.24"]
[Round "1"]
[White "Zwirs, Nico"]
[Black "Van Helvoort, Rob"]
[Result "1-0"]
[WhiteElo "2386"]
[BlackElo "2119"]
[Annotator "NA"]
[PlyCount "43"]
[EventDate "2018.07.24"]
[EventType "swiss"]
[EventCountry "NED"]
[SourceTitle "playchess.com"]
[Source "ChessBase"]
[SourceQuality "1"]
[TimeControl "40/5400+30:1800+30"]

1. e4 {[%emt 0:00:00]} g6 {[%emt 0:00:04]} 2. d4 {[%emt 0:00:09]} Bg7 {[%emt 0:00:04]} 3. Nc3 {[%emt 0:03:01]} d6 {[%emt 0:00:23]} 4. f4 {[%emt 0:00:09]} a6 {[%emt 0:00:05]} 5. Nf3 {[%emt 0:00:10]} b5 {[%emt 0:00:11]} 6. Bd3 {[%emt 0:00:05]} Nd7 {[%emt 0:00:37]} 7. e5 {[%emt 0:02:59]} c5 {[%emt 0:00:42]} 8. Be4 {[%emt 0:00:43]} Rb8 {[%emt 0:01:41]} 9. Be3 {[%emt 0:00:29]} b4 {[%emt 0:27:56]} 10. Ne2 {[%emt 0:00:35]} Nh6 {[%emt 0:04:19]} 11. h3 {[%emt 0:12:26]} e6 {[%emt 0:33:51]} 12. exd6 {[%emt 0:06:01]} Nf5 {[%emt 0:03:05]} 13. Bxf5 {[%emt 0:02:19]} exf5 {[%emt 0:00:52]} 14. dxc5 {[%emt 0:00:10]} Bb7 {[%emt 0:00:42]} 15. Bd4 {[%emt 0:04:48]} O-O {[%emt 0:06:03]} 16. Bxg7 {[%emt 0:07:07]} Kxg7 {[%emt 0:00:03]} 17. Qd4+ {[%emt 0:00:13]} Kg8 {[%emt 0:01:50]} 18. Ne5 {[%emt 0:03:56]} Qc8 {[%emt 0:04:22]} 19. Nxd7 {[%emt 0:06:48]} Qxd7 {[%emt 0:00:01]} 20. O-O-O {[%emt 0:00:39]} Rfc8 {[%emt 0:03:33]} 21. Ng3 {[%emt 0:01:41]} Bxg2 {[%emt 0:01:51]} 22. Nh5 {[%emt 0:01:11]} 1-0

[Event "Condigne Dutch Open 2018"]
[Site "Dieren"]
[Date "2018.07.24"]
[Round "1"]
[White "Van Osch, Mees"]
[Black "L'Ami, Erwin"]
[Result "0-1"]
[WhiteElo "2324"]
[BlackElo "2636"]
[Annotator "TA"]
[PlyCount "171"]
[EventDate "2018.07.24"]
[EventType "swiss"]
[EventCountry "NED"]
[SourceTitle "playchess.com"]
[Source "ChessBase"]
[SourceQuality "1"]

{[%evp 10,171,21,7,35,33,30,16,41,29,53,0,13,0,9,0,0,0,23,-16,-43,-27,70,20,86,81,91,91,89,83,75,79,76,58,65,52,60,2,97,101,97,105,100,103,115,93,89,86,86,86,86,84,86,86,86,86,86,86,275,258,581,50,75,0,0,-20,-6,-12,-14,-83,-72,-77,-78,-78,-78,-552,0,0,0,0,0,0,0,0,0,0,0,0,0,0,0,0,0,0,0,0,0,0,0,0,0,0,0,-148,-142,-138,-134,-133,-127,-116,0,0,0,0,0,0,0,0,0,0,0,-259,-259,-238,-235,-200,-124,-120,0,-218,-217,-406,-409,-1208,-1211,-1138,-1192,-987,-1073,-967,-712,-1775,-1687,-29966,-29966,-29966,-6629,-29974,-29975,-11247,-5073,-29976,-29977,-29981,-29982,-29982,-29983,-29983,-29984,-29984,-29985,-29985,-29985,-29988]} 1. e4 c5 2. Nf3 d6 3. d4 cxd4 4. Nxd4 Nf6 5. Nc3 a6 6. h4 {LiveBook: 78 Games. B90: Sicilian Najdorf: Unusual White 6th moves, 6 Be3 Ng4 and 6 Be3 e5} h5 $146 ({Predecessor:} 6... Nbd7 7. g4 d5 8. exd5 Nb6 9. g5 Nfxd5 10. Bg2 Nxc3 11. bxc3 Qc7 12. O-O g6 13. Re1 Nc4 {1-0 (64) Caruana,F (2799)-Grischuk,A (2782) Saint Louis 2017}) 7. Bg5 Nbd7 8. Qd2 {White has an edge.} b5 9. f3 Bb7 10. a3 e6 11. O-O-O Be7 12. Kb1 Rc8 13. Bd3 Nb6 14. g4 hxg4 15. fxg4 Nfd7 (15... Nxg4 $11 16. Bxe7 Qxe7) 16. Nf3 Bf6 {[#]} (16... Nf6 $11) 17. Bxf6 $1 $16 Qxf6 18. Rhf1 {Ng5 is the strong threat.} Qe7 19. g5 g6 20. Be2 Rc6 21. Nd4 Nc4 22. Bxc4 Rxc4 23. Nf3 (23. Qe1 $14) 23... Ne5 (23... Nc5 $11 {keeps the balance.}) 24. Qf4 (24. Qxd6 Qxd6 25. Rxd6 Nxf3 $15) 24... Nxf3 25. Rxf3 e5 26. Qg4 Bc8 27. Qg3 (27. Qg1 {with more complications.} Be6 28. Qb6 Rxh4 29. b3 Qc7 30. Rxd6 Qxb6 31. Rxb6 Rd4 32. Rxa6 Bxb3 33. Nxb5 Rd1+ 34. Kb2) 27... Be6 28. Rfd3 $36 {[%mdl 2048] White is really pushing.} Rc6 29. Nd5 Bxd5 30. Rxd5 Kf8 31. R5d2 Kg7 32. Rf1 Rc4 33. Qg4 Qb7 $2 (33... Rc7 $16 {might work better.}) 34. Rxd6 $18 Rf8 $2 (34... Rd4 {is tougher.} 35. Rdf6 (35. Rxd4 exd4 36. e5 Qd5 $18) 35... Rd7 36. Rxa6 b4) 35. Re1 $2 (35. Qf3 $18) 35... b4 $14 36. a4 ({White should try} 36. Qd7 $16 Qxd7 37. Rxd7) 36... b3 $11 37. cxb3 Qxb3 38. Qd1 Qb4 39. Qd2 (39. Rf1 $11 {remains equal.}) 39... Qxa4 $17 40. h5 gxh5 41. g6 Rd4 ({Wrong is} 41... fxg6 $2 42. Rg1 $18) 42. Qg5 $2 {[%mdl 8192]} (42. Rxd4 $17 Qxd4 43. Qxd4 exd4 44. gxf7) 42... f6 $2 ({Black should play} 42... Rxd6 $19 43. gxf7+ Rg6 44. Qxe5+ Kxf7 45. Qxh5 Qd4 46. Qh7+ Rg7) 43. Qxh5 $11 {[%csl Gg6][%cal Rh5h7]} Rh8 44. Rxd4 Qxd4 {[%mdl 4096] Endgame KQR-KQR} (44... Rxh5 $2 {too greedy.} 45. Rxa4 a5 46. Rxa5 $18) 45. Qe2 a5 46. Rc1 Qd7 47. Rd1 Qe6 48. Qb5 Rh4 49. Qb7+ Kxg6 {Black wants to play ...Qg4.} 50. Rg1+ Rg4 51. Rh1 Qg8 52. Qd7 Rg5 53. Ka1 a4 54. Qxa4 Qb8 55. Qc2 Rg4 56. Kb1 (56. Qa4 $11) 56... Qb4 $17 57. Qh2 {White wants to mate with Qh7+.} Qxe4+ 58. Ka1 Kf7 {Threatens to win with ...Rg8.} 59. Qh8 Rg7 (59... Qa4+ $17 60. Kb1 Qe4+ 61. Ka1 Qc2 62. Rh7+ Ke6 63. Qe8+ Kf5 64. Qh5+ Kf4 65. Qh6+ Ke4 66. Qh1+ Rg2) 60. Rc1 $11 {Hoping for Rc7+.} Qa4+ 61. Kb1 Qd7 62. Qh5+ Ke7 63. Rd1 Qg4 64. Qh1 Qg2 {And now ...Ke6 would win.} 65. Qe1 $2 {[%mdl 8192] [#]} (65. Qh4 $1 $11) 65... Rg4 $1 $19 66. Qa5 {Threatening mate with Qc7+.} Qe4+ 67. Kc1 {Qc7+ would kill now.} Qc6+ 68. Kb1 Ke6 (68... Kf7 $17 {aiming for ...Qe4+.} 69. Qd8 Qe4+ 70. Ka1 Qc4 71. Rd7+ Kg6 72. Qe8+ Kg5 73. Rg7+ Kh4 74. Qh8+ Kg3 75. Rxg4+ Qxg4 76. Qxf6 e4 77. Qd6+ Qf4) 69. Qa2+ $2 (69. Qd8 $1 $11) 69... Qc4 70. Qa7 $2 (70. Qa5 {was necessary.}) 70... Qe4+ 71. Kc1 (71. Ka2 $142 Qa4+ 72. Qxa4 Rxa4+ 73. Kb3) 71... Qc6+ 72. Kb1 Ra4 {( -> ...Qe4+)} 73. Qh7 Qe4+ 74. Qxe4 Rxe4 {KR-KR} 75. Kc2 Rc4+ 76. Kb3 Rc8 77. Ka4 e4 (77... f5 $142 78. b4 e4 79. b5 f4 80. Rb1 f3 81. Rf1 Rf8 82. Kb4 e3 83. Kc3 e2 84. Re1 Kd7 85. Kd2 Re8 86. b6 f2 87. Rxe2 f1=Q 88. Rxe8 Kxe8 89. b7 Qg2+ 90. Kd3 Qxb7 91. Ke3 Qb3+ 92. Ke2 Kd7 93. Ke1 Qc2 94. Kf1 Ke6 95. Kg1 Kf5 96. Kh1 Kg4 97. Kg1 Kf3 98. Kh1 Qg2#) 78. b4 f5 {[%cal Bf6f5,Bf5f4,Bf4f3][%mdl 32]} 79. b5 e3 {[%cal Be4e3,Be3e2][%mdl 32]} 80. b6 f4 {Black mates.} 81. Kb5 e2 82. Re1 f3 83. b7 Rb8 84. Kc4 Ke5 85. Kd3 Kf4 86. Kd4 {Precision: White = 43%, Black = 63%.} 0-1

[Event "Condigne Dutch Open 2018"]
[Site "Dieren"]
[Date "2018.07.24"]
[Round "1"]
[White "Rajesh, V A V"]
[Black "Reinderman, Dimitri"]
[Result "0-1"]
[WhiteElo "2309"]
[BlackElo "2575"]
[Annotator "TA"]
[PlyCount "50"]
[EventDate "2018.07.24"]
[EventType "swiss"]
[EventCountry "NED"]
[SourceTitle "playchess.com"]
[Source "ChessBase"]
[SourceQuality "1"]

{[%evp 20,50,49,-27,-10,-17,-18,-5,0,0,0,-25,-33,-25,-26,-54,-52,-45,-38,-49,-43,-156,-163,-168,-162,-457,-445,-754,-695,-1604,-1530,-1686,-1659]} 1. d4 Nf6 2. c4 g6 3. Nc3 Bg7 4. e4 d6 5. h3 O-O 6. Bg5 c5 7. d5 e6 8. Bd3 exd5 9. exd5 Re8+ 10. Nge2 {E71: King's Indian: 4 e4 d6 5 h3} Nbd7 11. O-O {LiveBook: 3 Games} (11. f4 $1 $14) (11. f4 a6 12. a4 Qa5 13. O-O h6 14. Bh4 {0-1 (34) Lysyj,I (2618)-Yuffa,D (2527) Cheliabinsk 2017}) 11... h6 $11 12. Be3 {The position is equal.} Ne5 13. Ng3 Nxd3 14. Qxd3 Nd7 15. Rae1 $146 ({Predecessor:} 15. Rfe1 f5 16. f4 a6 17. Bd2 Nf6 18. Rxe8+ Nxe8 {0-1 (36) Kitaev,I (2061)-Yuffa,D (2399) Tyumen 2014}) 15... Ne5 16. Qe2 $1 f5 17. Bd2 {[#] Hoping for f4.} Bd7 18. f4 Qh4 $36 {[%mdl 2048] White is under pressure.} 19. fxe5 Bxe5 20. Qf3 (20. Nge4 $15 fxe4 21. Qf2 (21. Nxe4 $2 Bf5 $17) 21... Qxf2+ 22. Kxf2) 20... Bxg3 $17 21. Rxe8+ Rxe8 ({Worse is} 21... Bxe8 {[#]} 22. Bxh6 $1 {[%mdl 512]} Be5 23. Bf4 $11) 22. Bxh6 $2 (22. b3 {keeps fighting.}) 22... g5 $19 {Black is clearly winning.} 23. Nb5 (23. b3 $142) 23... Be5 ({Weaker is} 23... Qxh6 24. Qxg3 Bxb5 25. cxb5 $15) 24. Nc7 Bd4+ 25. Kh1 Re3 {Precision: White = 21%, Black = 94%.} 0-1

[Event "Condigne Dutch Open 2018"]
[Site "Dieren"]
[Date "2018.07.24"]
[Round "1"]
[White "Heemskerk, Wim"]
[Black "Chanda, Sandipan"]
[Result "0-1"]
[WhiteElo "2240"]
[BlackElo "2548"]
[Annotator "TA"]
[PlyCount "58"]
[EventDate "2018.07.24"]
[EventType "swiss"]
[EventCountry "NED"]
[SourceTitle "playchess.com"]
[Source "ChessBase"]
[SourceQuality "1"]

{[%evp 17,58,0,15,14,46,-19,-19,-19,-19,-19,-13,-19,-19,-18,0,-2,-7,0,0,-20,-20,-36,-22,-43,-43,-152,-158,-160,-160,-295,-285,-336,-313,-348,-339,-335,-336,-375,-375,-396,-400,-376,-371]} 1. c4 f5 2. g3 Nf6 3. Bg2 g6 4. Nc3 Bg7 5. d3 O-O 6. e4 d6 7. Nge2 c6 8. Rb1 e5 9. O-O Be6 {LiveBook: 4 Games. A21: English Opening: 1...e5 2 Nc3} 10. exf5 gxf5 11. f4 $146 (11. Re1 $14) ({Predecessor:} 11. b4 Nh5 12. f4 exf4 13. gxf4 d5 14. cxd5 cxd5 15. Qb3 Nf6 16. Be3 Re8 17. Bd4 {1-0 (44) Franco Ocampos,Z (2525)-Morovic Fernandez,I (2565) Spain 1992}) 11... Qb6+ $11 {The position is equal.} 12. Kh1 Ng4 13. Qe1 Na6 {[%cal Bb8a6,Ba6b4,Bb4d3][%mdl 32]} 14. Na4 Qb4 15. Qxb4 Nxb4 16. h3 $1 $132 {[%mdl 2048] White is not keeping still} Nxd3 17. hxg4 Bxc4 18. Nac3 fxg4 19. Bd2 d5 20. b3 Ba6 21. Nxd5 ({White should play} 21. fxe5 $15 Nxe5 22. Rxf8+ Rxf8 23. Nd4) 21... cxd5 $17 22. Bxd5+ Kh8 23. Be6 (23. b4 $17 {keeps fighting.} Nxf4 24. Rxf4) 23... Nxf4 24. Nxf4 Bxf1 ({Less strong is} 24... exf4 25. Rxf4 Be2 26. Bd5 $17) 25. Rxf1 exf4 26. Bxf4 Rae8 27. Bxg4 {[#]} Bh6 $1 {[%mdl 512] Black is winning.} 28. Kg2 (28. Bxh6 Rxf1+) 28... Bxf4 29. gxf4 Re3 {Precision: White = 26%, Black = 79%.} 0-1

[Event "Condigne Dutch Open 2018"]
[Site "Dieren"]
[Date "2018.07.24"]
[Round "1"]
[White "Van Meegen, Ruud"]
[Black "Krysa, Leandro"]
[Result "1/2-1/2"]
[WhiteElo "2222"]
[BlackElo "2533"]
[Annotator "TA"]
[PlyCount "97"]
[EventDate "2018.07.24"]
[EventType "swiss"]
[EventCountry "NED"]
[SourceTitle "playchess.com"]
[Source "ChessBase"]
[SourceQuality "1"]

{[%evp 31,97,23,3,2,72,0,22,16,31,0,0,0,0,0,0,0,0,0,8,0,0,6,128,66,65,79,43,0,0,5,6,6,19,0,0,0,-1,-1,0,0,0,0,61,0,0,0,0,0,54,36,70,58,50,52,171,162,273,6,378,356,580,572,721,721,721,714,707,698]} 1. e4 c5 2. Nf3 d6 3. d4 cxd4 4. Nxd4 Nf6 5. Nc3 g6 6. Be3 Bg7 7. f3 O-O 8. Qd2 Nc6 9. O-O-O d5 10. Kb1 Nxd4 11. e5 Nxf3 12. gxf3 {B76: Sicilian Dragon: Yugoslav Attack, 9 g4 and 9 0-0-0} Nh5 13. Nxd5 Be6 14. f4 Qxd5 15. Qxd5 Bxd5 16. Rxd5 Bh6 {LiveBook: 4 Games} 17. Bc4 (17. Be2 Bxf4 18. Bc5 e6 19. Rd7 Rfd8 20. Rxb7 Bxe5 21. Bxh5 gxh5 {1-0 (38) Liewer,M (2446)-Schilling,F (2455) Remote email 2012}) 17... e6 ({Much worse is} 17... Nxf4 $6 18. Rd7 $16) (17... Bxf4 $11 18. Bxf4 Nxf4) 18. Rd7 $146 (18. Rd4 $16) ({Predecessor:} 18. Rd4 Rad8 19. Rhd1 Rxd4 20. Rxd4 {1-0 (35) Blokhuis,J (2180)-Willemze,J (2270) Groningen 1997}) 18... Rfd8 19. Rxb7 Bxf4 20. Bxf4 (20. Bxa7 {keeps more tension.} Bxe5 21. Rf1 Nf6 22. Bd3 Kg7 23. h3) 20... Nxf4 21. a4 Rd4 22. b3 a5 23. Kb2 g5 24. Re1 Rd2 25. Rg1 Nh3 26. Rf1 Rf2 {[#]} (26... Nf4 $11 {remains equal.}) 27. Rxf2 ({Better is} 27. b4 $1 $16) 27... Nxf2 $16 {[%mdl 4096] Endgame KRB-KRN} 28. Be2 $1 {[%cal Re2h5] Strongly threatening Bh5.} g4 29. Kc1 h5 $1 30. Kd2 Ne4+ 31. Ke3 Nc3 32. Bc4 Rc8 33. Ra7 Nxa4 34. Rxa5 Nb6 35. Bd3 Nd5+ 36. Kd2 h4 (36... Kg7 $11) 37. c4 ({White should play} 37. Ra4 $14) 37... Nf4 $11 38. Be4 Kg7 39. Ke3 Nh5 (39... Ng6 $11) 40. c5 {b4 is the strong threat.} f5 41. exf6+ $1 Nxf6 42. b4 {aiming for Ra7+.} g3 ({Black should try} 42... Nxe4 $14 43. Kxe4 Kf6) 43. hxg3 hxg3 {[#]} (43... h3 $142 44. Ra7+ Kf8) 44. Bg2 $2 (44. Ra7+ $1 $18 Kh6 45. Ra8) 44... Ng4+ $2 {[%mdl 8192]} (44... Nd5+ $1 $11 45. Bxd5 exd5) 45. Kf4 $18 Nf2 $2 (45... Nf6 {was necessary.} 46. Kxg3 Ne8) 46. Ra3 {White is clearly winning.} Rb8 47. Kxg3 Nd1 48. Rb3 Kf6 49. Kf3 {[%mdl 32768] Precision: White = 52%, Black = 41%. . An unexpected result.} 1/2-1/2

[Event "Condigne Dutch Open 2018"]
[Site "Dieren"]
[Date "2018.07.24"]
[Round "1"]
[White "Krishnater Kushager"]
[Black "Pruijssers, Roeland"]
[Result "1/2-1/2"]
[WhiteElo "2209"]
[BlackElo "2501"]
[Annotator "TA"]
[PlyCount "110"]
[EventDate "2018.07.24"]
[EventType "swiss"]
[EventCountry "NED"]
[SourceTitle "playchess.com"]
[Source "ChessBase"]
[SourceQuality "1"]

{[%evp 16,110,16,12,16,21,36,15,20,25,7,-32,-33,-33,16,0,13,0,33,40,81,67,54,76,77,77,82,-34,-32,-49,-20,-24,-24,-19,-24,-28,-29,-35,0,0,0,0,0,0,0,-37,-28,-35,-16,-16,-16,-16,-16,-12,-16,-18,-7,-20,-5,-4,-8,-8,-8,-8,-8,-8,-8,-18,-19,-19,-19,-19,-21,-19,-19,-17,-19,-12,-20,-13,-5,-5,-5,-5,-5,-5,-5,-8,0,0,0,0,0,0,0,0,0]} 1. e4 c5 2. Nc3 Nc6 3. Nf3 e6 4. d4 cxd4 5. Nxd4 Qc7 6. Be3 a6 7. Qf3 {B48: Sizilianisch (Paulsen-Variante)} d6 (7... Nf6 8. O-O-O Ne5 9. Qg3 b5 10. a3 Bb7 11. Bxb5 Rc8 12. Ba4 Nxe4 13. Nxe4 Bxe4 14. Bf4 Qc4 15. Bxe5 Qxa4 {1-0 (38) Vachier Lagrave,M (2789)-Anand,V (2776) Karlsruhe/Baden-Baden 2018}) 8. O-O-O Bd7 9. g4 {[%cal Bg2g4,Bg4g5][%mdl 32] LiveBook: 4 Partien} b5 10. Nxc6 Bxc6 11. Bd3 Nf6 {[%cal Bg8f6,Bf6d7,Bd7e5,Be5d3][%mdl 32]} 12. g5 Nd7 13. Qg3 Rc8 14. Kb1 Ne5 15. f4 $146 {[%mdl 2048] Schwarz steht unter Druck.} Nxd3 16. cxd3 b4 17. Ne2 $1 Ba4 {[%cal Bc6a4,Ba4c2,Bc2d3][%mdl 32]} 18. Rc1 Bc2+ 19. Ka1 b3 20. Bd2 Qb6 21. Qe3 (21. Rhf1 $16) 21... Qxe3 $15 22. Bxe3 Kd7 23. Nd4 Bxd3 24. Rxc8 Kxc8 25. Rc1+ Kd7 26. Nc6 {[#] zielt auf Sb8+ ab.} Bc2 (26... f6 {keeps more tension.} 27. e5 dxe5 28. fxe5 fxg5 29. Bxg5 bxa2 30. Be3 Bb5) 27. axb3 Kxc6 28. Rxc2+ $11 {[%mdl 4096] Endspiel KTL-KTL} Kb7 $1 29. Bd4 h6 30. Rf2 Rh7 31. h4 Be7 32. h5 {Die Stellung ist ausgeglichen.} hxg5 33. fxg5 g6 34. hxg6 fxg6 35. Bf6 Rf7 36. Ka2 e5 37. b4 Kc6 38. Rc2+ Kd7 39. Bxe7 Rxe7 {KT-KT} 40. Rf2 Rh7 41. Rf6 Rh4 42. Rxg6 Rxe4 43. Kb3 $1 Rg4 44. Rg8 $1 d5 45. g6 Rg3+ 46. Kc2 Ke7 47. g7 e4 {und nun wäre ...d4 stark für Schwarz.} 48. Ra8 Rxg7 49. Rxa6 {[#] Und Ta7+ würde nun gewinnen.} Rg2+ 50. Kc3 Rg3+ 51. Kc2 d4 52. b5 {[%cal Bb4b5,Bb5b6][%mdl 32]} Rg2+ 53. Kb3 e3 54. b6 $1 {[%cal Rb6b7] Droht b7 und aus.} Kd7 55. Ra4 Kc6 {Precision: Weiß = 68%, Schwarz = 60%.} 1/2-1/2